000 00565nam a22002297a 4500
003 UA-OsUOA
001 91993
007 ta
008 20121207b un ||||| |||| 00| 0 ukr d
100 _aШенгелая Д.
090 _a821.161.2
_bШ47
942 _cBK
040 _aUA-OsUOA
_brus
_cUA-OsUOA
_dUA-OsUOA
245 _aОленяча стежка
300 _a93 с.
955 _a3
041 _arus
080 _a821.161.2
260 _aК.
_c1968
650 7 _a82 Література. Літературознавство
_2UDC
999 _c378260
_d378260